Säugetiere - Statistiken

Allgemein
  • Dieses Quiz wurde 92 mal gespielt
    77 seit der letzten Aktualisierung
  • Das Durchschnittsergebnis liegt bei 15 aus 16
Answers on the Grid
Answers color-coded by a green-red scale on the quiz's grid according to % correct below.
Eichhörnchen
Bergmolch
Andenkonder
Gelbbauchunke
Siebenschläfer
Springbock
Nördlicher Brillensalamander
Schwein
Krokodil
Streifenhörnchen
Kragenechse
Feldhamster
Ohrenscharbe
Wolf
Kuh
Katze
Ringelnatter
Tokees
Braunbär
Dachs
Löffelhund
Adler
Biber
Schildkröte
Fadenmolch
Bisamratte
Seelöwe
Eistaucher
Steinbock
Knoblauchkröte
 
Antwortstatistiken
Antwort % Korrekt
Eichhörnchen
100%
Braunbär
97%
Katze
97%
Kuh
97%
Schwein
95%
Wolf
95%
Steinbock
94%
Streifenhörnchen
92%
Biber
90%
Dachs
90%
Feldhamster
90%
Springbock
89%
Bisamratte
87%
Siebenschläfer
82%
Seelöwe
81%
Löffelhund
77%
Keine übereinstimmenden Quizze gefunden
Verteilung der Resultate
Anzahl Personen mit jedem Resultat
Perzentil nach korrekt beantworteten Fragen
Ihre Resultats-Entwicklung
Sie haben dieses Quiz seit der letzten Aktualisierung nicht gespielt